2007 Movies by Poster Quiz Stats

 Plays Quiz Updated Jun 19, 2017

Support Sporcle.
Go Orange.
Score 0/20 Timer 05:00
1 Play Today
Hint Answer % Correct
The Simpsons Movie
93.4%
300
88.3%
Ratatouille
86.9%
Juno
85.4%
Superbad
77.5%
I Am Legend
71.7%
Ghost Rider
68%
Evan Almighty
66.5%
Hot Fuzz
64.8%
The Golden Compass
63.6%
Hint Answer % Correct
Hairspray
63.4%
Wild Hogs
48.8%
No Country for Old Men
47.8%
Into the Wild
44.4%
Transformers
43.9%
There Will Be Blood
42.4%
American Gangster
38.4%
Atonement
35.9%
The Bourne Ultimatum
32.5%
3:10 to Yuma
24.1%

You're not logged in!

Compare scores with friends on all Sporcle quizzes.
OR
Log In
Forgot?

From the Vault

Notable Deaths by Year: 20th Century

by Cortez

The only things guaranteed in life are death, taxes, and people arguing about what continent Cyprus is on.
Remove Ads.
Support Sporcle.
Get the best of Sporcle when you Go Orange. This ad-free experience offers more features, more stats, and more fun while also helping to support Sporcle. Thank you for becoming a member.

Show Comments

Extras

Top Quizzes Today


Score Distribution

Your Account Isn't Verified!

In order to create a playlist on Sporcle, you need to verify the email address you used during registration. Go to your Sporcle Settings to finish the process.

Report this User

Report this user for behavior that violates our Community Guidelines.

Details: